[Event "Euskadi-chT (Vasca) Div Honor"]
[Site "Bergara"]
[Date "2018.02.10"]
[Round "5.2"]
[White "Sarralde Osua, Rodrigo"]
[Black "Del Rio de Angelis, Salvador Gabriel"]
[Result "0-1"]
[WhiteElo "2363"]
[BlackElo "2511"]
[PlyCount "94"]
[EventDate "2018.01.13"]
[EventType "team-tourn"]
[EventRounds "9"]
[EventCountry "ESP"]
[SourceTitle "EXT 2020"]
[Source "ChessBase"]
[SourceDate "2019.10.17"]
[SourceVersion "1"]
[SourceVersionDate "2019.10.17"]
[SourceQuality "1"]
[WhiteTeam "Abadino"]
[BlackTeam "Sestao"]
[WhiteTeamCountry "ESP"]
[BlackTeamCountry "ESP"]

1. e4 d5 2. exd5 Nf6 3. Nc3 Nxd5 4. d4 g6 5. Nf3 Bg7 6. Be2 Nxc3 7. bxc3 0-0 8. 0-0 c5 9. Ba3 cxd4 10. cxd4 Nc6 11. c3 Qa5 12. Bb2 Be6 13. Qd2 Rfd8 14. Qe3 Qa4 15. Ng5 Bc4 16. f4 e6 17. Bd1 Qb5 18. Rf2 Ne7 19. a4 Qa5 20. Bc2 Rac8 21. Rc1 Bd5 22. g4 Re8 23. Ne4 Qb6 24. Bd3 Nf5 25. Qe2 Nd6 26. Nc5 Qd8 27. c4 Bc6 28. a5 Qh4 29. Nb3 f5 30. Ba3 Ne4 31. Bxe4 Bxe4 32. g5 Qh3 33. Qd1 Red8 34. Bc5 Rxc5 35. Nxc5 Bxd4 36. Nxe4 Bxf2+ 37. Nxf2 Rxd1+ 38. Rxd1 Qf3 39. Rd8+ Kf7 40. Rd7+ Ke8 41. Rxh7 Qxf4 42. h4 e5 43. Rxb7 e4 44. Rxa7 e3 45. Nd3 Qg4+ 46. Kf1 Qd1+ 47. Ne1 e2+ 0-1

[Event "Euskadi-chT (Vasca) Div 1st"]
[Site "Bergara"]
[Date "2016.??.??"]
[Round "6.3"]
[White "Sarralde Osua, Rodrigo"]
[Black "Arnal Iturgaitz, Aitor Pablo"]
[Result "0-1"]
[WhiteElo "2372"]
[BlackElo "2197"]
[PlyCount "53"]
[EventDate "2016.01.09"]
[EventType "team-tourn"]
[EventRounds "9"]
[EventCountry "ESP"]
[SourceTitle "EXT 2024"]
[Source "ChessBase"]
[SourceDate "2023.10.10"]
[SourceVersion "1"]
[SourceVersionDate "2023.10.10"]
[SourceQuality "1"]

1. e4 e6 2. d4 d5 3. Nc3 Bb4 4. e5 c5 5. Bd2 Ne7 6. Nb5 Bxd2+ 7. Qxd2 0-0 8. Nf3 cxd4 9. 0-0-0 Nbc6 10. Nbxd4 Ng6 11. Nxc6 bxc6 12. Bd3 Nh4 13. Qf4 Nxf3 14. gxf3 f5 15. Rhg1 Rf7 16. c4 Rb8 17. Rd2 Qa5 18. Kb1 Ba6 19. Rc1 Rfb7 20. Ka1 Rb4 21. Qe3 Ra4 22. a3 Rb3 23. cxd5 Rbxa3+ 24. Kb1 Ra1+ 25. Kc2 Rxc1+ 26. Kxc1 Ra1+ 27. Bb1 0-1

[Event "Euskadi-chT (Vasca) Div 1st"]
[Site "Bergara"]
[Date "2016.??.??"]
[Round "2.5"]
[White "Sarralde Osua, Rodrigo"]
[Black "Sanchez Carayol, Jesus Carlos"]
[Result "1-0"]
[WhiteElo "2372"]
[BlackElo "2121"]
[PlyCount "67"]
[EventDate "2016.01.09"]
[EventType "team-tourn"]
[EventRounds "9"]
[EventCountry "ESP"]
[SourceTitle "EXT 2024"]
[Source "ChessBase"]
[SourceDate "2023.10.10"]
[SourceVersion "1"]
[SourceVersionDate "2023.10.10"]
[SourceQuality "1"]

1. e4 e5 2. Nf3 Nc6 3. Bb5 a6 4. Bxc6 dxc6 5. 0-0 Bg4 6. h3 h5 7. d3 Qf6 8. Nbd2 Bd6 9. Re1 Bc5 10. hxg4 hxg4 11. g3 gxf3 12. Qxf3 Qg6 13. Nc4 f6 14. Be3 Bxe3 15. Nxe3 Ne7 16. Kg2 0-0-0 17. Rh1 Kb8 18. Qg4 Qxg4 19. Nxg4 c5 20. Ne3 Kc8 21. Kf3 Kd7 22. a4 Ke6 23. Rag1 g6 24. Ke2 f5 25. f4 fxe4 26. dxe4 Rxh1 27. Rxh1 Rd4 28. f5+ gxf5 29. Rh6+ Kf7 30. exf5 Re4 31. Rh7+ Kf6 32. Kf3 Rxa4 33. g4 Rf4+ 34. Ke2 1-0

[Event "Euskadi-ch"]
[Site "Zornotza"]
[Date "2014.04.23"]
[Round "3"]
[White "Gonzalez de la Torre, Santiago"]
[Black "Sarralde Osua, Rodrigo"]
[Result "0-1"]
[WhiteElo "2459"]
[BlackElo "2351"]
[PlyCount "110"]
[EventDate "2014.04.21"]
[EventType "swiss"]
[EventRounds "7"]
[EventCountry "ESP"]
[SourceTitle "CBM 160 Extra"]
[Source "ChessBase"]
[SourceDate "2014.07.01"]
[SourceVersion "1"]
[SourceVersionDate "2014.07.01"]
[SourceQuality "1"]

1. e4 c5 2. Nf3 d6 3. d4 cxd4 4. Nxd4 Nf6 5. Nc3 a6 6. Be3 e5 7. Nb3 Be6 8. f3 Nbd7 9. Qd2 Rc8 10. g4 Qc7 11. g5 Nh5 12. 0-0-0 Be7 13. Kb1 0-0 14. Rg1 b5 15. Nd5 Bxd5 16. exd5 Nb6 17. Na5 Nxd5 18. Qxd5 Qxa5 19. c4 Nf4 20. Bxf4 exf4 21. Bd3 g6 22. cxb5 axb5 23. Qxb5 Qa7 24. Rge1 Rc7 25. Bc4 Rb8 26. Qd5 Bf8 27. Bb3 Qf2 28. Qd3 Qxh2 29. Re2 Qh3 30. Qd5 Rbc8 31. Rc2 Qd7 32. Rxc7 Rxc7 33. a4 Qe7 34. Rc1 Rxc1+ 35. Kxc1 h5 36. gxh6 Bxh6 37. a5 Bg7 38. Kd1 Qa7 39. Bc4 Bxb2 40. Qxd6 Qg1+ 41. Kc2 Qc1+ 42. Kb3 Qc3+ 43. Ka2 Qxc4+ 44. Kxb2 Qb5+ 45. Kc1 Qxa5 46. Qxf4 Qe1+ 47. Kc2 Qe2+ 48. Kc3 Qe6 49. Kd3 Kg7 50. Qb8 g5 51. Qd8 Kg6 52. Qg8+ Kf5 53. Qb8 Qd5+ 54. Kc2 Qxf3 55. Qc8+ Kf4 0-1

[Event "Euskadi-ch"]
[Site "Zornotza"]
[Date "2014.04.21"]
[Round "1"]
[White "Perez Fernandez, Modesto C"]
[Black "Sarralde Osua, Rodrigo"]
[Result "0-1"]
[WhiteElo "2038"]
[BlackElo "2351"]
[PlyCount "112"]
[EventDate "2014.04.21"]
[EventType "swiss"]
[EventRounds "7"]
[EventCountry "ESP"]
[SourceTitle "CBM 160 Extra"]
[Source "ChessBase"]
[SourceDate "2014.07.01"]
[SourceVersion "1"]
[SourceVersionDate "2014.07.01"]
[SourceQuality "1"]

1. e4 c5 2. Nf3 d6 3. d4 cxd4 4. Nxd4 Nf6 5. Nc3 a6 6. Bg5 e6 7. f4 Qc7 8. Bxf6 gxf6 9. Qd3 Bd7 10. 0-0-0 Nc6 11. Nb3 0-0-0 12. Be2 Kb8 13. Rhf1 Rc8 14. Kb1 h5 15. Qh3 b5 16. a3 Na5 17. Nxa5 Qxa5 18. e5 f5 19. exd6 Bg7 20. Na2 Qb6 21. Qb3 Ka7 22. Rf3 h4 23. Qe3 Bc6 24. d7 Rcd8 25. Rd6 Qxe3 26. Rxe3 Bxg2 27. Bf3 Bxf3 28. Rxf3 Bf8 29. Rd1 Rg8 30. Rc3 Kb7 31. Nb4 Bxb4 32. axb4 Rg4 33. Rf3 Rg2 34. Rh3 Rf2 35. Rd4 Re2 36. Rxh4 Re1+ 37. Ka2 Re4 38. Rd6 Rxb4 39. b3 Kc7 40. Rxa6 Rxd7 41. Rh7 Kd8 42. Ra8+ Ke7 43. Rb8 Rxf4 44. Rxb5 Rf2 45. Rc5 f4 46. Rh4 Kd6 47. b4 f6 48. Rh6 Rf7 49. Kb3 e5 50. Ra5 e4 51. Ra6+ Ke5 52. Rh5+ f5 53. c3 e3 54. Rhh6 Re7 55. Ra5+ Ke4 56. Rd6 e2 0-1

[Event "Euskadi-chT (Vasca) Div 1st"]
[Site "Bergara"]
[Date "2014.03.08"]
[Round "9.1"]
[White "Sarralde Osua, Rodrigo"]
[Black "Aguirre Canflanca, Josu"]
[Result "1-0"]
[WhiteElo "2343"]
[BlackElo "2205"]
[PlyCount "67"]
[EventDate "2014.01.11"]
[EventType "team-tourn"]
[EventRounds "9"]
[EventCountry "ESP"]
[SourceTitle "EXT 2024"]
[Source "ChessBase"]
[SourceDate "2023.10.10"]
[SourceVersion "1"]
[SourceVersionDate "2023.10.10"]
[SourceQuality "1"]

1. e4 e6 2. d3 d5 3. Nd2 c5 4. g3 Bd6 5. Bg2 Ne7 6. Ngf3 Nbc6 7. 0-0 0-0 8. Qe2 Bc7 9. Re1 b6 10. h4 Bb7 11. h5 h6 12. e5 b5 13. Nf1 b4 14. g4 Kh8 15. Ng3 Ng8 16. g5 hxg5 17. Bxg5 Nd4 18. Qd2 Nxf3+ 19. Bxf3 Qb8 20. h6 g6 21. h7 Bxe5 22. hxg8Q+ Kxg8 23. Rxe5 Qxe5 24. Re1 Qxb2 25. Qf4 f6 26. Rxe6 fxg5 27. Rxg6+ Kh7 28. Qxg5 Qc1+ 29. Qxc1 Kxg6 30. Bh5+ Kh7 31. Qg5 Rg8 32. Qf5+ Kh8 33. Qf6+ Kh7 34. Bf7 1-0

[Event "Euskadi-ch"]
[Site "Zornotza"]
[Date "2010.04.06"]
[Round "2"]
[White "Sarralde Osua, Rodrigo"]
[Black "Franco Alonso, Alejandro"]
[Result "1-0"]
[WhiteElo "2245"]
[BlackElo "2472"]
[PlyCount "111"]
[EventDate "2010.04.05"]
[EventType "swiss"]
[EventRounds "7"]
[EventCountry "ESP"]
[SourceTitle "CBM 136 Extra"]
[Source "ChessBase"]
[SourceDate "2010.07.02"]
[SourceVersion "2"]
[SourceVersionDate "2010.07.15"]
[SourceQuality "1"]

1. e4 c5 2. Nf3 e6 3. d4 cxd4 4. Nxd4 Nf6 5. Nc3 d6 6. Be2 a6 7. 0-0 Qc7 8. f4 Be7 9. Be3 0-0 10. Bf3 Nc6 11. Kh1 Re8 12. Qe1 Nd7 13. Rd1 Rb8 14. Qg3 Bf8 15. Bh5 g6 16. Be2 b5 17. Bd3 Nxd4 18. Bxd4 b4 19. Ne2 Bb7 20. Ng1 e5 21. fxe5 Nxe5 22. Nh3 Bg7 23. Ng5 Re7 24. b3 Nxd3 25. Bxg7 Kxg7 26. cxd3 Rf8 27. Rc1 Qd7 28. Qf2 f6 29. Qd4 d5 30. e5 fxe5 31. Qxb4 Rxf1+ 32. Rxf1 h6 33. Nf3 d4 34. Nxe5 Qe6 35. Nf3 Rf7 36. Qxd4+ Kh7 37. Kg1 Rd7 38. Qe5 Qc6 39. d4 Qb6 40. h3 a5 41. Kh2 a4 42. bxa4 Qa6 43. Rf2 Qd6 44. a5 Bd5 45. Rb2 Qxe5+ 46. Nxe5 Ra7 47. Rb5 Bxa2 48. Kg3 Ra6 49. Kf4 g5+ 50. Ke4 Kg7 51. g3 Rd6 52. d5 h5 53. Kd4 h4 54. g4 Rf6 55. Nd3 Rd6 56. Nc1 1-0

[Event "Euskadi-ch"]
[Site "Zornotza"]
[Date "2009.04.15"]
[Round "3"]
[White "Nava Pereda, Carlos"]
[Black "Sarralde Osua, Rodrigo"]
[Result "0-1"]
[WhiteElo "2296"]
[BlackElo "2190"]
[PlyCount "110"]
[EventDate "2009.04.13"]
[EventType "swiss"]
[EventRounds "7"]
[EventCountry "ESP"]
[SourceTitle "EXT 2010"]
[Source "ChessBase"]
[SourceDate "2010.11.25"]
[SourceVersion "1"]
[SourceVersionDate "2010.11.25"]
[SourceQuality "1"]

1. c4 c6 2. e4 d5 3. exd5 cxd5 4. cxd5 Qxd5 5. Nc3 Qd8 6. Nf3 Nf6 7. d4 e6 8. Bc4 Be7 9. 0-0 0-0 10. Re1 Nbd7 11. Bb3 Nb6 12. Ne5 Bd7 13. Bg5 Rc8 14. Qf3 Bc6 15. Nxc6 bxc6 16. Rad1 Nbd5 17. Ne4 Nxe4 18. Bxe7 Qxe7 19. Rxe4 Rfd8 20. Qh3 Qf6 21. Qg3 h6 22. Rde1 c5 23. dxc5 Rxc5 24. Qe5 Qg6 25. Qd4 Rcc8 26. Rg4 Qf6 27. g3 h5 28. Qxf6 Nxf6 29. Ra4 Rd2 30. Rxa7 Rcd8 31. Rc7 Ng4 32. Rf1 Rxb2 33. Rc2 Rxc2 34. Bxc2 Rd2 35. Bb3 Rb2 36. Rc1 Kf8 37. Rc2 Rb1+ 38. Kg2 Ke7 39. Rc7+ Kf6 40. Rc3 g5 41. Rf3+ Ke7 42. h3 Ne5 43. Re3 Kf6 44. f3 Rb2+ 45. Kg1 h4 46. gxh4 gxh4 47. a4 Kf5 48. a5 Kf4 49. Re4+ Kxf3 50. Rxe5 Rxb3 51. Rg5 f5 52. Rg6 e5 53. Kh2 e4 54. a6 Rb2+ 55. Kh1 Ra2 0-1

[Event "ESP-ch Student"]
[Site "Cartagena"]
[Date "2007.05.07"]
[Round "2"]
[White "Pena Gomez, Manuel"]
[Black "Sarralde Osua, Rodrigo"]
[Result "1/2-1/2"]
[WhiteElo "2331"]
[BlackElo "2139"]
[PlyCount "114"]
[EventDate "2007.05.06"]
[EventType "swiss"]
[EventRounds "9"]
[EventCountry "ESP"]
[SourceTitle "CBM 118 Extra"]
[Source "ChessBase"]
[SourceDate "2007.07.04"]
[SourceVersion "1"]
[SourceVersionDate "2007.07.04"]
[SourceQuality "1"]

1. c4 e5 2. a3 Nf6 3. d3 d5 4. cxd5 Nxd5 5. Nf3 Nc6 6. e4 Nf6 7. Be2 a5 8. 0-0 Bc5 9. Qc2 Qe7 10. Nbd2 0-0 11. b3 Bg4 12. Bb2 Rfd8 13. Rfc1 Bb6 14. h3 Bxf3 15. Nxf3 Rac8 16. Rab1 Nd4 17. Bxd4 Bxd4 18. Nxd4 exd4 19. Qc5 Qxc5 20. Rxc5 b6 21. Rc6 Rd6 22. Rbc1 Rxc6 23. Rxc6 Kf8 24. g4 Ke7 25. g5 Ne8 26. Bg4 Rd8 27. e5 Rd5 28. f4 Rc5 29. Rxc5 bxc5 30. f5 f6 31. exf6+ gxf6 32. h4 Kd6 33. Kf2 Ke5 34. Kg3 Ng7 35. gxf6 Kxf6 36. Kf4 Ne8 37. Ke4 c6 38. Kf4 Nd6 39. h5 Nf7 40. Bf3 Ne5 41. Be4 h6 42. a4 c4 43. dxc4 c5 44. Bb1 d3 45. Ke4 d2 46. Bc2 Ng4 47. Kd3 d1Q+ 48. Bxd1 Nf2+ 49. Ke2 Nxd1 50. Kxd1 Kxf5 51. Kd2 Kf4 52. Kd3 Kf5 53. Ke3 Ke5 54. Ke2 Ke4 55. Kd2 Kd4 56. Kc2 Ke4 57. Kc3 Ke5 1/2-1/2

[Event "ESP-ch U20"]
[Site "Mondariz"]
[Date "2003.07.22"]
[Round "2.8"]
[White "Sarralde Osua, Rodrigo"]
[Black "Fluvia Poyatos, Jordi"]
[Result "0-1"]
[WhiteElo "2123"]
[BlackElo "2321"]
[PlyCount "104"]
[EventDate "2003.06.22"]
[EventType "swiss"]
[EventRounds "8"]
[EventCountry "ESP"]
[SourceTitle "EXT 2004"]
[Source "ChessBase"]
[SourceDate "2003.11.25"]
[SourceVersion "1"]
[SourceVersionDate "2003.11.25"]
[SourceQuality "1"]

1. e4 e5 2. Nf3 Nc6 3. Bb5 Nf6 4. 0-0 Nxe4 5. d4 Nd6 6. Bxc6 dxc6 7. dxe5 Nf5 8. Qxd8+ Kxd8 9. Nc3 Ne7 10. Be3 Ng6 11. h3 Be6 12. a3 a5 13. Rfe1 Be7 14. Nd4 c5 15. Nxe6+ fxe6 16. Ne4 b6 17. f4 Nh4 18. Bf2 Ng6 19. Bg3 Kd7 20. Bh2 h5 21. g4 hxg4 22. hxg4 Raf8 23. Ng5 Bxg5 24. fxg5 Nh4 25. Red1+ Kc6 26. Bg3 Nf3+ 27. Kg2 Nxg5 28. Rd3 Nh3 29. Rad1 Nf4+ 30. Bxf4 Rxf4 31. Kg3 g5 32. Rd7 Rh4 33. Re7 Rhxg4+ 34. Kh3 Rd4 35. Rxd4 Rxd4 36. Rxe6+ Kd5 37. Re7 Re4 38. Rxc7 Rxe5 39. Rd7+ Kc4 40. Rd3 Re2 41. b3+ Kb5 42. c4+ Kc6 43. a4 Re4 44. Kg3 Rd4 45. Re3 Kd6 46. Kf3 Rf4+ 47. Kg3 Rf6 48. Kg4 Re6 49. Rd3+ Ke5 50. Rd5+ Ke4 51. Rxg5 Kd4 52. Kf4 Re4+ 0-1

[Event "Euskadi-ch U18"]
[Site "Bilbao"]
[Date "2001.04.19"]
[Round "4"]
[White "Astasio Lopez, David"]
[Black "Sarralde Osua, Rodrigo"]
[Result "1/2-1/2"]
[WhiteElo "2026"]
[BlackElo "2086"]
[PlyCount "82"]
[EventDate "2001.04.17"]
[EventType "swiss"]
[EventRounds "6"]
[EventCountry "ESP"]
[SourceTitle "EXT 2002"]
[Source "ChessBase"]
[SourceDate "2001.11.25"]
[SourceVersion "1"]
[SourceVersionDate "2001.11.25"]
[SourceQuality "1"]

1. d4 Nf6 2. Nf3 d5 3. Bg5 Ne4 4. Bf4 e6 5. Nbd2 c5 6. e3 Nc6 7. c3 cxd4 8. exd4 Bd6 9. Bxd6 Nxd6 10. Bd3 Bd7 11. Qe2 Rc8 12. 0-0 0-0 13. Rfe1 f5 14. Ne5 Nxe5 15. Qxe5 Nf7 16. Qe2 Qf6 17. Nf3 g5 18. Ne5 Nxe5 19. Qxe5 Kf7 20. Re3 Qxe5 21. Rxe5 h5 22. Rae1 Kf6 23. g3 Rc7 24. Kg2 b5 25. Rc1 Rfc8 26. Be2 b4 27. Re3 g4 28. f4 a5 29. Kf2 a4 30. a3 bxa3 31. bxa3 Rb8 32. Bd1 Rb2+ 33. Re2 Rcb7 34. Ke1 Rxe2+ 35. Kxe2 Rb2+ 36. Rc2 Rb3 37. Kd2 Rxa3 38. Rb2 Ke7 39. Kc2 Kd6 40. Rb4 Ra2+ 41. Rb2 Ra1 1/2-1/2

[Event "Euskadi-chTB"]
[Site "Euskadi"]
[Date "2001.01.13"]
[Round "5"]
[White "Sarralde Osua, Rodrigo"]
[Black "Martin Molinero, Raul"]
[Result "1/2-1/2"]
[WhiteElo "2061"]
[BlackElo "2212"]
[PlyCount "84"]
[EventDate "2000.11.18"]
[EventType "team"]
[EventRounds "9"]
[EventCountry "ESP"]
[SourceTitle "EXT 2006"]
[Source "ChessBase"]
[SourceDate "2005.11.24"]
[SourceVersion "1"]
[SourceVersionDate "2005.11.24"]
[SourceQuality "1"]

1. e4 c6 2. d4 d5 3. exd5 cxd5 4. Bd3 Nc6 5. c3 g6 6. Nf3 Bg7 7. Bf4 Nh6 8. 0-0 0-0 9. Re1 f6 10. Nbd2 Nf7 11. Bc2 e5 12. dxe5 fxe5 13. Be3 Bf5 14. Nb3 b6 15. Rc1 Rc8 16. Qd2 Rc7 17. Ng5 Qd6 18. Nxf7 Rcxf7 19. Bxf5 Rxf5 20. Rcd1 Rd8 21. f3 Rf7 22. Qe2 Bf6 23. Qb5 Kg7 24. Re2 Rfd7 25. Red2 Qe6 26. f4 d4 27. fxe5 Bxe5 28. cxd4 Nxd4 29. Nxd4 Bxd4 30. Bxd4+ Rxd4 31. Rxd4 Qe3+ 32. Kh1 Rxd4 33. Rf1 Qd3 34. Qe5+ Kh6 35. Qf6 Qe4 36. Qf8+ Kg5 37. h3 Rd3 38. Qf6+ Kh6 39. Kh2 Rd2 40. Rf3 Re2 41. Qf8+ Kh5 42. Qf6 Kh6 1/2-1/2

[Event "ESP-ch U20"]
[Site "Mondariz"]
[Date "2000.07.23"]
[Round "8"]
[White "Fluvia Poyatos, Jordi"]
[Black "Sarralde Osua, Rodrigo"]
[Result "1-0"]
[WhiteElo "2261"]
[BlackElo "2061"]
[PlyCount "73"]
[EventDate "2000.07.16"]
[EventType "swiss"]
[EventRounds "8"]
[EventCountry "ESP"]
[SourceTitle "EXT 2001"]
[Source "ChessBase"]
[SourceDate "2000.11.22"]
[SourceVersion "1"]
[SourceVersionDate "2000.11.22"]
[SourceQuality "1"]

1. e4 c5 2. Nf3 d6 3. d4 cxd4 4. Nxd4 Nf6 5. Nc3 a6 6. g3 e5 7. Nb3 Qc7 8. Bg2 Be6 9. 0-0 Be7 10. a4 0-0 11. Re1 Nbd7 12. Nd2 Rac8 13. Nf1 Rfd8 14. Ne3 g6 15. Ncd5 Bxd5 16. exd5 Bf8 17. a5 Bg7 18. b4 Ne8 19. g4 h6 20. Bb2 Nef6 21. c4 Re8 22. Rc1 e4 23. Qb3 Ne5 24. Bxe5 Rxe5 25. h3 Ree8 26. c5 Nd7 27. c6 Nf6 28. Qa4 bxc6 29. Rxc6 Qd7 30. Rec1 Bf8 31. Bf1 Rxc6 32. Qxc6 Rb8 33. Rb1 Qxc6 34. dxc6 Ra8 35. c7 Ne8 36. Rc1 Rc8 37. Nd5 1-0

[Event "ESP-chT U16"]
[Site "Segovia"]
[Date "1999.06.24"]
[Round "6"]
[White "Sarralde Osua, Rodrigo"]
[Black "Ruiz, R."]
[Result "1-0"]
[WhiteElo "2017"]
[BlackElo "2150"]
[PlyCount "61"]
[EventDate "1999.06.19"]
[EventType "team"]
[EventRounds "6"]
[EventCountry "ESP"]
[SourceTitle "EXT 2002"]
[Source "ChessBase"]
[SourceDate "2001.11.25"]
[SourceVersion "1"]
[SourceVersionDate "2001.11.25"]
[SourceQuality "1"]

1. e4 e5 2. Nf3 Nc6 3. Bb5 a6 4. Bxc6 dxc6 5. 0-0 Bg4 6. h3 Bh5 7. g4 Bg6 8. Nxe5 Bd6 9. Nxg6 hxg6 10. Qf3 Qe7 11. d3 Nf6 12. e5 Bxe5 13. Re1 Qe6 14. Bf4 Nd7 15. d4 f6 16. dxe5 g5 17. Bh2 0-0-0 18. Nc3 fxe5 19. Re3 Rdf8 20. Qe2 Qf6 21. Rd1 Qf7 22. b3 Qf6 23. Ne4 Qh6 24. Red3 Rf7 25. Qd2 Rd8 26. Qxg5 Qxg5 27. Nxg5 Re7 28. Bxe5 Rxe5 29. Nf7 Ree8 30. Nxd8 Rxd8 31. f4 1-0